[Event "Aarhus Festuge GM 2018"]
[Site "Aarhus"]
[Date "2018.09.08"]
[Round "1"]
[White "Gritsak, Orest"]
[Black "Kotronias, Vasilios"]
[Result "1/2-1/2"]
[WhiteElo "2450"]
[BlackElo "2505"]
[Annotator "NA"]
[PlyCount "71"]
[EventDate "2018.09.08"]
[EventType "tourn"]
[EventCountry "DEN"]
[SourceTitle "playchess.com"]
[Source "ChessBase"]
[SourceQuality "1"]
[TimeControl "40/5400+30:1800+30"]

1. d4 {[%emt 0:00:00]} Nf6 {[%emt 0:00:00]} 2. Nf3 {[%emt 0:00:00]} g6 {[%emt 0:00:00]} 3. g3 {[%emt 0:00:25]} Bg7 {[%emt 0:00:00]} 4. Bg2 {[%emt 0:00:04]} O-O {[%emt 0:00:02]} 5. O-O {[%emt 0:00:05]} d6 {[%emt 0:00:10]} 6. a4 {[%emt 0:04:06]} c6 {[%emt 0:00:16]} 7. Nbd2 {[%emt 0:03:41]} Qc7 {[%emt 0:00:31]} 8. e4 {[%emt 0:02:26]} e5 {[%emt 0:00:53]} 9. dxe5 {[%emt 0:03:13]} dxe5 {[%emt 0:00:09]} 10. Qe2 {[%emt 0:07:29]} b6 {[%emt 0:12:02]} 11. Rd1 {[%emt 0:03:08]} Rd8 {[%emt 0:10:17]} 12. b3 {[%emt 0:02:51]} Ba6 {[%emt 0:11:04]} 13. Qe1 {[%emt 0:01:01]} Nbd7 {[%emt 0:00:48]} 14. Bb2 {[%emt 0:01:35]} Bf8 {[%emt 0:00:26]} 15. Bf1 {[%emt 0:01:50]} Bxf1 {[%emt 0:01:36]} 16. Kxf1 {[%emt 0:02:26]} b5 {[%emt 0:03:47]} 17. Qe2 {[%emt 0:08:36]} a6 {[%emt 0:00:40]} 18. Kg2 {[%emt 0:01:57]} Re8 {[%emt 0:00:38]} 19. Ne1 {[%emt 0:06:10]} Nc5 {[%emt 0:08:09]} 20. Nd3 {[%emt 0:00:08]} Nxd3 {[%emt 0:00:38]} 21. Qxd3 {[%emt 0:00:06]} Nd7 {[%emt 0:03:41]} 22. Nf3 {[%emt 0:09:43]} Nc5 {[%emt 0:02:19]} 23. Qe2 {[%emt 0:02:18]} Rab8 {[%emt 0:01:37]} 24. Ba3 {[%emt 0:05:02]} Ne6 {[%emt 0:09:32]} 25. Bxf8 {[%emt 0:00:48]} Rxf8 {[%emt 0:04:42]} 26. axb5 {[%emt 0:00:06]} axb5 {[%emt 0:00:03]} 27. b4 {[%emt 0:00:31]} Rfd8 {[%emt 0:08:38]} 28. c3 {[%emt 0:00:22]} Kg7 {[%emt 0:01:05]} 29. h4 {[%emt 0:00:55]} h5 {[%emt 0:00:39]} 30. Qe3 {[%emt 0:01:39]} Rxd1 {[%emt 0:02:44]} 31. Rxd1 {[%emt 0:00:03]} f6 {[%emt 0:06:40]} 32. Ne1 {[%emt 0:00:30]} Rd8 {[%emt 0:01:59]} 33. Rxd8 {[%emt 0:00:58]} Qxd8 {[%emt 0:00:19]} 34. Nd3 {[%emt 0:00:33]} Qd7 {[%emt 0:00:13]} 35. f3 {[%emt 0:01:26]} Qb7 {[%emt 0:02:58]} 36. Nc5 {[%emt 0:08:46]} 1/2-1/2

[Event "Aarhus Festuge GM 2018"]
[Site "Aarhus"]
[Date "2018.09.08"]
[Round "1"]
[White "Antonsen, Mikkel"]
[Black "Zumsande, Martin"]
[Result "0-1"]
[WhiteElo "2434"]
[BlackElo "2458"]
[Annotator "NA"]
[PlyCount "82"]
[EventDate "2018.09.08"]
[EventType "tourn"]
[EventCountry "DEN"]
[SourceTitle "playchess.com"]
[Source "ChessBase"]
[SourceQuality "1"]
[TimeControl "40/5400+30:1800+30"]

1. d4 {[%emt 0:00:00]} d5 {[%emt 0:00:00]} 2. Nf3 {[%emt 0:00:20]} Nf6 {[%emt 0:00:00]} 3. c4 {[%emt 0:00:08]} e6 {[%emt 0:00:04]} 4. Bg5 {[%emt 0:02:07]} Be7 {[%emt 0:00:29]} 5. e3 {[%emt 0:00:19]} h6 {[%emt 0:04:08]} 6. Bxf6 {[%emt 0:00:32]} Bxf6 {[%emt 0:00:05]} 7. Qc2 {[%emt 0:02:00]} c6 {[%emt 0:08:59]} 8. Nc3 {[%emt 0:03:35]} Nd7 {[%emt 0:03:33]} 9. cxd5 {[%emt 0:03:42]} cxd5 {[%emt 0:04:10]} 10. Bd3 {[%emt 0:03:39]} Nb6 {[%emt 0:10:20]} 11. O-O {[%emt 0:07:58]} Bd7 {[%emt 0:04:27]} 12. e4 {[%emt 0:10:35]} Rc8 {[%emt 0:04:10]} 13. e5 {[%emt 0:03:31]} Be7 {[%emt 0:00:23]} 14. Qe2 {[%emt 0:02:42]} Nc4 {[%emt 0:04:05]} 15. b3 {[%emt 0:19:05]} Na3 {[%emt 0:03:54]} 16. Nb1 {[%emt 0:09:59]} Qa5 {[%emt 0:05:22]} 17. Nxa3 {[%emt 0:00:21]} Bxa3 {[%emt 0:00:14]} 18. Ne1 {[%emt 0:02:27]} O-O {[%emt 0:05:43]} 19. f4 {[%emt 0:02:40]} Qb6 {[%emt 0:13:54]} 20. Nf3 {[%emt 0:02:48]} Rc3 {[%emt 0:00:42]} 21. g4 {[%emt 0:03:41]} Rfc8 {[%emt 0:05:59]} 22. f5 {[%emt 0:01:40]} Bc1 {[%emt 0:01:07]} 23. Kh1 {[%emt 0:01:58]} a6 {[%emt 0:04:09]} 24. f6 {[%emt 0:08:30]} Bb5 {[%emt 0:00:44]} 25. Bxb5 {[%emt 0:00:09]} Qxb5 {[%emt 0:01:08]} 26. Qg2 {[%emt 0:02:07]} g6 {[%emt 0:02:13]} 27. Rd1 {[%emt 0:00:36]} Rc2 {[%emt 0:04:22]} 28. Qf1 {[%emt 0:00:04]} Qxf1+ {[%emt 0:02:03]} 29. Rxf1 {[%emt 0:00:03]} b5 {[%emt 0:00:35]} 30. a4 {[%emt 0:03:19]} b4 {[%emt 0:00:51]} 31. Ne1 {[%emt 0:00:15]} R2c3 {[%emt 0:02:00]} 32. Rb1 {[%emt 0:00:04]} Be3 {[%emt 0:01:31]} 33. Nf3 {[%emt 0:00:04]} g5 {[%emt 0:00:43]} 34. h4 {[%emt 0:02:06]} gxh4 {[%emt 0:01:06]} 35. Kg2 {[%emt 0:01:24]} Bg5 {[%emt 0:00:35]} 36. Rb2 {[%emt 0:00:22]} a5 {[%emt 0:00:28]} 37. Rff2 {[%emt 0:00:32]} Kh7 {[%emt 0:01:15]} 38. Rf1 {[%emt 0:01:42]} Rd3 {[%emt 0:00:24]} 39. Rh1 {[%emt 0:00:37]} Rcc3 {[%emt 0:00:47]} 40. Nxh4 {[%emt 0:00:13]} Bxh4 {[%emt 0:02:10]} 41. Rxh4 {[%emt 0:30:04]} Rxd4 {[%emt 0:30:05]} 0-1

[Event "Aarhus Festuge GM 2018"]
[Site "Aarhus"]
[Date "2018.09.08"]
[Round "1"]
[White "Skytte, Rasmus"]
[Black "Olsen, Filip Boe"]
[Result "1-0"]
[WhiteElo "2372"]
[BlackElo "2354"]
[Annotator "NA"]
[PlyCount "81"]
[EventDate "2018.09.08"]
[EventType "tourn"]
[EventCountry "DEN"]
[SourceTitle "playchess.com"]
[Source "ChessBase"]
[SourceQuality "1"]
[TimeControl "40/5400+30:1800+30"]

1. e4 {[%emt 0:00:00]} c6 {[%emt 0:00:00]} 2. d3 {[%emt 0:00:52]} d5 {[%emt 0:00:00]} 3. Nd2 {[%emt 0:00:31]} Nf6 {[%emt 0:01:10]} 4. Ngf3 {[%emt 0:01:02]} Bg4 {[%emt 0:06:24]} 5. h3 {[%emt 0:04:30]} Bh5 {[%emt 0:05:40]} 6. e5 {[%emt 0:01:08]} Nfd7 {[%emt 0:01:38]} 7. e6 {[%emt 0:00:18]} fxe6 {[%emt 0:01:45]} 8. Be2 {[%emt 0:00:06]} e5 {[%emt 0:25:11]} 9. Nxe5 {[%emt 0:02:09]} Bxe2 {[%emt 0:02:17]} 10. Qxe2 {[%emt 0:01:37]} Nxe5 {[%emt 0:01:29]} 11. Qxe5 {[%emt 0:00:11]} Qd6 {[%emt 0:04:03]} 12. Qe2 {[%emt 0:05:36]} Nd7 {[%emt 0:01:47]} 13. Nf3 {[%emt 0:04:50]} g6 {[%emt 0:13:11]} 14. O-O {[%emt 0:05:22]} Bg7 {[%emt 0:06:09]} 15. Re1 {[%emt 0:02:52]} Bf6 {[%emt 0:03:09]} 16. Ng5 {[%emt 0:08:12]} e5 {[%emt 0:05:56]} 17. c4 {[%emt 0:02:41]} O-O {[%emt 0:01:45]} 18. cxd5 {[%emt 0:01:28]} cxd5 {[%emt 0:00:11]} 19. Be3 {[%emt 0:02:26]} Rae8 {[%emt 0:02:45]} 20. Rac1 {[%emt 0:02:11]} b6 {[%emt 0:02:40]} 21. Nf3 {[%emt 0:06:57]} Bg7 {[%emt 0:01:39]} 22. Qc2 {[%emt 0:05:07]} d4 {[%emt 0:04:11]} 23. Bd2 {[%emt 0:02:54]} h6 {[%emt 0:03:34]} 24. Qc4+ {[%emt 0:06:40]} Qe6 {[%emt 0:02:23]} 25. Bb4 {[%emt 0:04:53]} Rf4 {[%emt 0:01:32]} 26. Qxe6+ {[%emt 0:02:55]} Rxe6 {[%emt 0:00:02]} 27. Rc7 {[%emt 0:03:11]} Nc5 {[%emt 0:01:13]} 28. Bxc5 {[%emt 0:02:35]} bxc5 {[%emt 0:00:02]} 29. Nd2 {[%emt 0:01:35]} Ra6 {[%emt 0:00:57]} 30. a3 {[%emt 0:02:55]} Rb6 {[%emt 0:00:29]} 31. b3 {[%emt 0:01:28]} e4 {[%emt 0:01:24]} 32. Nxe4 {[%emt 0:04:19]} Rxb3 {[%emt 0:00:34]} 33. Nxc5 {[%emt 0:00:08]} Rc3 {[%emt 0:00:28]} 34. Rxg7+ {[%emt 0:00:39]} Kxg7 {[%emt 0:00:05]} 35. Ne6+ {[%emt 0:00:05]} Kf7 {[%emt 0:00:15]} 36. Nxf4 {[%emt 0:00:10]} Rxa3 {[%emt 0:00:04]} 37. Re4 {[%emt 0:00:51]} g5 {[%emt 0:00:06]} 38. Ne2 {[%emt 0:00:12]} Rxd3 {[%emt 0:00:09]} 39. Nxd4 {[%emt 0:00:15]} a5 {[%emt 0:00:25]} 40. Nf5 {[%emt 0:06:01]} Kg6 {[%emt 0:01:14]} 41. g4 {[%emt 0:35:24]} 1-0

[Event "Aarhus Festuge GM 2018"]
[Site "Aarhus"]
[Date "2018.09.08"]
[Round "1"]
[White "Pajeken, Jakob Leon"]
[Black "Grove, Peter"]
[Result "1-0"]
[WhiteElo "2337"]
[BlackElo "2206"]
[Annotator "NA"]
[PlyCount "41"]
[EventDate "2018.09.08"]
[EventType "tourn"]
[EventCountry "DEN"]
[SourceTitle "playchess.com"]
[Source "ChessBase"]
[SourceQuality "1"]
[TimeControl "40/5400+30:1800+30"]

1. d4 {[%emt 0:00:00]} Nf6 {[%emt 0:00:08]} 2. Nf3 {[%emt 0:00:00]} c5 {[%emt 0:00:28]} 3. d5 {[%emt 0:00:04]} g6 {[%emt 0:02:53]} 4. Nc3 {[%emt 0:00:10]} Bg7 {[%emt 0:00:32]} 5. e4 {[%emt 0:00:07]} d6 {[%emt 0:01:50]} 6. Bc4 {[%emt 0:00:37]} O-O {[%emt 0:00:53]} 7. O-O {[%emt 0:00:09]} Na6 {[%emt 0:00:14]} 8. h3 {[%emt 0:02:25]} Nc7 {[%emt 0:01:29]} 9. Re1 {[%emt 0:01:12]} e5 {[%emt 0:03:30]} 10. dxe6 {[%emt 0:07:18]} Bxe6 {[%emt 0:00:11]} 11. Bxe6 {[%emt 0:01:40]} Nxe6 {[%emt 0:00:09]} 12. Qd3 {[%emt 0:08:12]} Re8 {[%emt 0:08:03]} 13. Be3 {[%emt 0:03:38]} Qb6 {[%emt 0:03:06]} 14. Nd2 {[%emt 0:06:45]} Rad8 {[%emt 0:06:58]} 15. Nc4 {[%emt 0:08:58]} Qc6 {[%emt 0:02:16]} 16. Rad1 {[%emt 0:16:22]} Nd4 {[%emt 0:06:01]} 17. Bg5 {[%emt 0:08:26]} b5 {[%emt 0:27:21]} 18. Ne3 {[%emt 0:01:06]} h6 {[%emt 0:03:37]} 19. Bxf6 {[%emt 0:01:01]} Bxf6 {[%emt 0:00:09]} 20. Ncd5 {[%emt 0:00:42]} Bg7 {[%emt 0:00:02]} 21. Ng4 {[%emt 0:01:19]} 1-0

[Event "Aarhus Festuge GM 2018"]
[Site "Aarhus"]
[Date "2018.09.08"]
[Round "1"]
[White "Matthiesen, Martin"]
[Black "Chatalbashev, Boris"]
[Result "0-1"]
[WhiteElo "2275"]
[BlackElo "2546"]
[Annotator "NA"]
[PlyCount "92"]
[EventDate "2018.09.08"]
[EventType "tourn"]
[EventCountry "DEN"]
[SourceTitle "playchess.com"]
[Source "ChessBase"]
[SourceQuality "1"]
[TimeControl "40/5400+30:1800+30"]

1. d4 {[%emt 0:00:00]} d5 {[%emt 0:00:00]} 2. c4 {[%emt 0:00:06]} Nc6 {[%emt 0:00:00]} 3. Nc3 {[%emt 0:02:37]} Nf6 {[%emt 0:00:00]} 4. Bg5 {[%emt 0:10:59]} dxc4 {[%emt 0:07:13]} 5. e3 {[%emt 0:05:04]} e5 {[%emt 0:04:04]} 6. d5 {[%emt 0:05:12]} Ne7 {[%emt 0:06:25]} 7. Bxc4 {[%emt 0:01:21]} Ng6 {[%emt 0:02:28]} 8. Bb5+ {[%emt 0:02:08]} Bd7 {[%emt 0:04:25]} 9. Qb3 {[%emt 0:12:00]} Be7 {[%emt 0:02:57]} 10. Bxf6 {[%emt 0:16:57]} Bxf6 {[%emt 0:04:16]} 11. Bxd7+ {[%emt 0:06:42]} Qxd7 {[%emt 0:00:08]} 12. Qxb7 {[%emt 0:00:09]} O-O {[%emt 0:00:12]} 13. Nf3 {[%emt 0:09:14]} Rab8 {[%emt 0:12:40]} 14. Qc6 {[%emt 0:02:04]} Qg4 {[%emt 0:05:06]} 15. O-O {[%emt 0:00:52]} Rxb2 {[%emt 0:10:34]} 16. Rab1 {[%emt 0:05:16]} Rc2 {[%emt 0:16:42]} 17. Rbc1 {[%emt 0:03:02]} Rxc1 {[%emt 0:04:17]} 18. Rxc1 {[%emt 0:00:07]} e4 {[%emt 0:00:15]} 19. Qa4 {[%emt 0:09:19]} Nf4 {[%emt 0:05:39]} 20. Ne1 {[%emt 0:01:27]} Bxc3 {[%emt 0:00:46]} 21. exf4 {[%emt 0:00:08]} Bd2 {[%emt 0:00:26]} 22. Rb1 {[%emt 0:01:44]} Qxf4 {[%emt 0:03:38]} 23. Nc2 {[%emt 0:01:04]} Qf5 {[%emt 0:06:09]} 24. Qxa7 {[%emt 0:00:29]} e3 {[%emt 0:00:31]} 25. Qc5 {[%emt 0:01:39]} exf2+ {[%emt 0:01:13]} 26. Kf1 {[%emt 0:00:15]} Re8 {[%emt 0:00:22]} 27. Qe7 {[%emt 0:00:54]} Qc8 {[%emt 0:00:37]} 28. Qc5 {[%emt 0:00:43]} Qf5 {[%emt 0:01:33]} 29. Qe7 {[%emt 0:00:13]} Rc8 {[%emt 0:01:06]} 30. Qc5 {[%emt 0:00:49]} h5 {[%emt 0:00:35]} 31. Rd1 {[%emt 0:00:36]} Be1 {[%emt 0:00:23]} 32. Nd4 {[%emt 0:00:57]} Qf4 {[%emt 0:00:26]} 33. Nf3 {[%emt 0:00:28]} Ra8 {[%emt 0:00:16]} 34. Rd4 {[%emt 0:00:47]} Qe3 {[%emt 0:00:24]} 35. Qc2 {[%emt 0:00:59]} Re8 {[%emt 0:00:27]} 36. Rd3 {[%emt 0:00:51]} Qe4 {[%emt 0:00:41]} 37. Qd1 {[%emt 0:00:38]} Qc4 {[%emt 0:00:28]} 38. Qb3 {[%emt 0:00:20]} Qa6 {[%emt 0:00:17]} 39. Qa3 {[%emt 0:00:25]} Qc4 {[%emt 0:00:41]} 40. Qb3 {[%emt 0:00:22]} Qc5 {[%emt 0:00:56]} 41. Qa4 {[%emt 0:09:35]} Qe7 {[%emt 0:08:31]} 42. Qc2 {[%emt 0:02:13]} g6 {[%emt 0:00:34]} 43. Rd1 {[%emt 0:02:06]} g5 {[%emt 0:05:50]} 44. d6 {[%emt 0:13:33]} cxd6 {[%emt 0:00:55]} 45. Rd5 {[%emt 0:00:27]} g4 {[%emt 0:10:55]} 46. Rxh5 {[%emt 0:01:18]} Bc3 {[%emt 0:00:18]} 0-1

[Event "Aarhus Festuge GM 2018"]
[Site "Aarhus"]
[Date "2018.09.09"]
[Round "2"]
[White "Kotronias, Vasilios"]
[Black "Chatalbashev, Boris"]
[Result "1-0"]
[WhiteElo "2505"]
[BlackElo "2546"]
[Annotator "TA"]
[PlyCount "87"]
[EventDate "2018.09.08"]
[EventType "tourn"]
[EventCountry "DEN"]
[SourceTitle "playchess.com"]
[Source "ChessBase"]
[SourceQuality "1"]

{[%evp 18,87,23,33,30,36,31,26,45,30,34,41,45,27,44,33,61,64,71,37,52,55,44,39,91,87,88,85,108,99,129,125,330,85,79,81,94,102,89,79,198,195,435,435,438,416,432,319,300,203,196,197,397,395,495,495,406,435,624,594,929,926,900,914,1313,1165,1725,1706,2298,2164,29978,29979]} 1. e4 g6 2. d4 Bg7 3. Nc3 d5 4. exd5 Nf6 5. Bc4 Nbd7 6. Bb3 {B06: Moderne Verteidigung} (6. Nf3 Nb6 7. Bb3 O-O 8. O-O a5 9. a3 a4 10. Ba2 Nbxd5 11. Nxd5 Nxd5 12. Bg5 Bf6 13. Qd2 c6 14. Rfe1 {½-½ (38) Swiercz,D (2649)-Djukic,N (2526) Minsk 2017}) 6... Nb6 7. Qf3 Bg4 8. Qg3 Bf5 9. Nf3 a5 10. a4 {LiveBook: 4 Partien} Nbxd5 11. Nxd5 Nxd5 12. O-O O-O 13. c3 c6 $146 ({Vorgänger:} 13... Ra6) 14. Re1 Qb6 15. Bc4 Rae8 16. Re2 Nf6 17. Bg5 Ne4 18. Qh4 Nd6 19. Ba2 Bd3 $1 {[%cal Rd3e2]} 20. Rd2 Ba6 (20... Bc4 $14) 21. Ne5 $16 Qc7 22. Re1 h6 {[#]} 23. Be3 $1 {Droht stark Sxg6.} (23. Bxh6 Nf5 $14) 23... Nf5 {[#]} 24. Qf4 $1 {Sxg6 ist eine echte Drohung.} Qd6 $2 (24... e6 $16 {kämpft weiter.}) 25. Rdd1 $2 (25. g4 $18 {und der Rest ist Schweigen.} Nh4 26. Bxf7+ Kh7 27. Qg3 Rxf7 28. Qxh4 (28. Nxf7 $2 Qxg3+ 29. fxg3 Nf3+ 30. Kf2 Nxd2 $17) 28... Bxe5 29. dxe5) 25... e6 26. Bc1 Rd8 27. Qf3 Qc7 28. g3 c5 (28... Kh7 $16 {ist wohl besser.}) 29. Bf4 $18 {Schwarz muss nun Sxf7! beachten.} g5 $2 {[#]} (29... Bxe5 30. Bxe5 (30. Rxe5 Qb6 $16) 30... Qe7) 30. Nxf7 $1 {[%mdl 512]} gxf4 (30... Qxf7 31. Bxe6) 31. Nxd8 Qxd8 32. Bxe6+ Kh8 33. Bxf5 ({Viel schwächer ist} 33. Qxf4 $6 Nd6 $18) 33... Rxf5 34. dxc5 ({Lieber nicht} 34. gxf4 cxd4 35. cxd4 Bc4 $11) 34... Qf8 $2 (34... Qc8 {ist eine bessere Verteidigung.}) 35. Rd5 Rf7 36. Qd1 Bf6 37. Rd6 Bc4 (37... Re7 $142 38. b3 Rxe1+ 39. Qxe1 Qe7) 38. b3 fxg3 39. hxg3 Ba6 40. Ree6 Kh7 41. c4 b6 42. Qe2 Bb7 43. Re8 Re7 44. Rxe7+ {Precision: Weiß = 72%, Schwarz = 29%.} 1-0

[Event "Aarhus Festuge GM 2018"]
[Site "Aarhus"]
[Date "2018.09.09"]
[Round "2"]
[White "Zumsande, Martin"]
[Black "Skytte, Rasmus"]
[Result "1/2-1/2"]
[WhiteElo "2458"]
[BlackElo "2372"]
[Annotator "TA"]
[PlyCount "74"]
[EventDate "2018.09.08"]
[EventType "tourn"]
[EventCountry "DEN"]
[SourceTitle "playchess.com"]
[Source "ChessBase"]
[SourceQuality "1"]

{[%evp 21,74,5,15,3,18,-7,-25,-36,-35,-49,8,6,13,7,32,22,36,36,36,21,77,35,43,39,42,46,117,117,99,110,122,127,118,20,47,21,31,10,9,4,10,1,0,-20,-17,-22,-28,-46,-42,-68,-49,-109,-95,-185,-86]} 1. e4 c5 2. c3 Nf6 3. e5 Nd5 4. d4 cxd4 5. cxd4 d6 6. Bc4 e6 7. Nf3 Nc6 8. O-O Be7 9. Re1 O-O 10. exd6 {B22: Sicilian: 2 c3} Qxd6 11. Nc3 b6 {LiveBook: 14 Games} (11... Rd8 12. a3 a6 13. Be3 Nxe3 14. fxe3 b6 15. Rc1 Bb7 16. Ba2 Rac8 17. Ne4 Qd7 18. Nfg5 Bxg5 19. Nxg5 {½-½ (34) Jones,G (2640)-Svidler,P (2768) Wijk aan Zee 2018}) 12. Ng5 {The position is equal.} Ncb4 $146 ({Predecessor:} 12... Qd8 13. Qh5 Nf6 14. Qf3 Bb7 15. Qh3 Nxd4 16. Be3 Rc8 17. Bxd4 Qxd4 18. Bxe6 Rce8 19. Bb3 Qf4 20. Qg3 Qxg3 21. hxg3 h6 22. Nf3 {½-½ (22) Marciano,D (2499)-Aranovitch,E (2342) Switzerland 2014}) 13. Qh5 {[%csl Gg5][%cal Rh5h7] [#]} Nf6 14. Qf3 Bd7 {...Nc2 is the strong threat.} 15. Rd1 h6 ({Black should play} 15... Bc6 $15 16. Qe2 Rac8) 16. Nge4 $11 Nxe4 17. Qxe4 Bc6 18. Qg4 Kh8 19. Bf4 $40 {[%mdl 128] White has some attack.} Qd8 20. Rac1 Bf6 (20... Nd5 $11) 21. Be5 Bb7 22. Ne4 Bxe4 $1 23. Qxe4 Bg5 (23... Rc8 $14) 24. f4 $16 Bf6 25. f5 exf5 26. Qxf5 {Black must now prevent Bxf6.} Bxe5 27. Qxe5 (27. dxe5 $16 Qe7 28. a3) 27... Nc6 28. Qe4 Ne7 $1 29. Bd3 {[%csl Gd3][%cal Re4h7]} f5 30. Qe5 Ng6 31. Qe3 Qd6 32. Qf2 Rad8 33. Bb5 ({But not} 33. Bxf5 $2 Ne7 $19) 33... Ne7 34. a3 f4 35. d5 Nf5 36. Rc6 ({White should try} 36. Rd2 $15) 36... Qe5 $17 {Threatens to win with ...Ne3.} 37. Bc4 {[#]} (37. Rc3 $17 {was called for.}) 37... Ne3 {Precision: White = 19%, Black = 38%.} (37... Ne7 $1 $19 {[%cal Re7c6] has better winning chances.} 38. Re1 Nxc6 39. Rxe5 Nxe5) 1/2-1/2

[Event "Aarhus Festuge GM 2018"]
[Site "Aarhus"]
[Date "2018.09.09"]
[Round "2"]
[White "Gritsak, Orest"]
[Black "Pajeken, Jakob Leon"]
[Result "1/2-1/2"]
[WhiteElo "2450"]
[BlackElo "2337"]
[Annotator "TA"]
[PlyCount "57"]
[EventDate "2018.09.08"]
[EventType "tourn"]
[EventCountry "DEN"]
[SourceTitle "playchess.com"]
[Source "ChessBase"]
[SourceQuality "1"]

{[%evp 23,57,18,20,0,0,0,0,0,0,0,0,-35,11,10,14,10,11,14,18,0,0,0,6,0,14,10,2,0,0,0,4,0,0,0,17,0]} 1. d4 Nf6 2. Nf3 d5 3. c4 e6 4. g3 dxc4 5. Bg2 Bd7 6. Ne5 Bc6 7. Nxc6 Nxc6 8. O-O Qd7 {E04: Open Catalan: 5 Nf3} 9. e3 Rd8 10. Qe2 e5 11. Nc3 (11. Qxc4 exd4 12. Qb5 Rb8 13. Rd1 a6 14. Qf1 Bd6 15. exd4 O-O 16. Bh3 {½-½ (76) Tomashevsky,E (2722)-Bu,X (2698) Novi Sad 2016}) 11... Be7 12. Qxc4 exd4 {LiveBook: 5 Games} 13. Bxc6 Qxc6 14. Qxc6+ bxc6 15. exd4 Rxd4 16. Be3 Rb4 $146 17. b3 a6 18. Rac1 {The position is equal.} Kd7 19. Rfd1+ Bd6 20. Bd4 Re8 21. Bxf6 gxf6 22. Rc2 f5 23. f4 Kc8 24. Kf1 Kb7 25. Ne2 Rb5 26. Nc3 Rb4 27. Ne2 Rb5 28. Nc3 Rb4 29. Ne2 {Precision: White = 46%, Black = 74%.} 1/2-1/2

[Event "Aarhus Festuge GM 2018"]
[Site "Aarhus"]
[Date "2018.09.09"]
[Round "2"]
[White "Olsen, Filip Boe"]
[Black "Matthiesen, Martin"]
[Result "1-0"]
[WhiteElo "2354"]
[BlackElo "2275"]
[Annotator "NA"]
[PlyCount "59"]
[EventDate "2018.09.08"]
[EventType "tourn"]
[EventCountry "DEN"]
[SourceTitle "playchess.com"]
[Source "ChessBase"]
[SourceQuality "1"]
[TimeControl "40/5400+30:1800+30"]

1. d4 {[%emt 0:00:00]} Nf6 {[%emt 0:00:00]} 2. c4 {[%emt 0:00:00]} g6 {[%emt 0:00:00]} 3. Nc3 {[%emt 0:00:00]} Bg7 {[%emt 0:00:00]} 4. e4 {[%emt 0:00:00]} d6 {[%emt 0:00:00]} 5. Nf3 {[%emt 0:00:06]} O-O {[%emt 0:00:07]} 6. h3 {[%emt 0:00:04]} e5 {[%emt 0:00:12]} 7. d5 {[%emt 0:00:08]} Nh5 {[%emt 0:00:22]} 8. g3 {[%emt 0:00:25] E90: King's Indian: Classical: Early deviations and 6 h3} f5 {[%emt 0:01:17]} (8... Na6 9. Be2 Nc5 10. b4 Nd7 11. Rb1 a5 12. a3 axb4 13. axb4 Qe7 14. Bg5 f6 15. Be3 f5 16. exf5 {½-½ (68) Akobian,V (2647)-Guseinov,G (2646) Riadh 2017}) 9. exf5 {[%emt 0:00:08]} gxf5 {[%emt 0:00:08]} 10. Nh4 {[%emt 0:00:18]} Nf4 {[%emt 0:00:27]} 11. Bd2 {[%emt 0:00:49]} Bd7 {[%emt 0:11:56]} 12. Qc2 {[%emt 0:04:57]} Na6 {[%emt 0:09:49]} 13. a3 {[%emt 0:03:33]} Ng6 $146 {[%emt 0:16:26]} ({Predecessor:} 13... c6 14. O-O-O Nc7 15. Ng2 Ng6 {½-½ (40) Salemgareev,T (2327)-Hakobyan,H (2103) Moscow 2017}) 14. Nxg6 {[%emt 0:02:32]} hxg6 {[%emt 0:00:09]} 15. O-O-O {[%emt 0:02:31]} Qe8 {[%emt 0:02:12]} 16. f3 {[%emt 0:09:12]} Nc5 {[%emt 0:08:33]} 17. Be3 {[%emt 0:10:19]} b6 {[%emt 0:05:33]} 18. Be2 {[%emt 0:04:56]} a5 {[%emt 0:01:56]} 19. g4 {[%emt 0:04:07]} e4 {[%emt 0:09:21]} 20. f4 {[%emt 0:15:22]} Qe7 {[%emt 0:15:38]} (20... Nd3+ $11 {remains equal.} 21. Bxd3 exd3 22. Qxd3 fxg4) 21. g5 {[%emt 0:03:09]} Be8 {[%emt 0:04:40]} 22. h4 {[%emt 0:00:48]} Bf7 {[%emt 0:00:34]} (22... Kh7 $142 23. h5 gxh5) 23. Nb5 {[%emt 0:05:12]} a4 {[%emt 0:01:10]} 24. Nd4 {[%emt 0:05:04]} Nd3+ {[%emt 0:06:57]} 25. Kb1 {[%emt 0:04:48]} b5 $2 {[%emt 0:01:00]} (25... Bxd4 $16 26. Bxd4 Nxf4) 26. h5 {[%emt 0:04:57]} Rfb8 {[%emt 0:02:22]} 27. h6 {[%emt 0:05:18]} bxc4 {[%emt 0:00:18]} 28. hxg7 {[%emt 0:00:41]} Rxb2+ {[%emt 0:01:12]} 29. Qxb2 {[%emt 0:00:09]} Nxb2 {[%emt 0:00:07]} 30. Nc6 $18 {[%emt 0:00:23]} 1-0

[Event "Aarhus Festuge GM 2018"]
[Site "Aarhus"]
[Date "2018.09.09"]
[Round "2"]
[White "Grove, Peter"]
[Black "Antonsen, Mikkel"]
[Result "0-1"]
[WhiteElo "2206"]
[BlackElo "2434"]
[Annotator "TA"]
[PlyCount "38"]
[EventDate "2018.09.08"]
[EventType "tourn"]
[EventCountry "DEN"]
[SourceTitle "playchess.com"]
[Source "ChessBase"]
[SourceQuality "1"]

{[%evp 17,38,-51,-50,-54,-40,-77,-84,-117,-108,-117,-124,-145,-143,-174,-161,-158,-186,-247,-244,-258,-270,-246,-256]} 1. Nf3 d5 2. g3 Nf6 3. Bg2 e6 4. O-O Be7 5. c4 O-O 6. d4 dxc4 7. Qc2 a6 {[%cal Ba7a6,Ba6b5,Bb5b4][%mdl 32]} 8. a4 Bd7 9. Nc3 {E05: Open Catalan: 5 Nf3 Be7} (9. Qxc4 Bc6 10. Bf4 Bd6 11. Nc3 Bxf4 12. gxf4 a5 13. e3 Nbd7 14. Kh1 Ra6 15. Rg1 Rb6 16. Qe2 Ne4 17. Qc2 f5 18. Nxe4 Bxe4 {½-½ (56) Aronian,L (2767)-So,W (2780) Saint Louis 2018}) 9... Nc6 {[%cal Bb8c6,Bc6a5,Ba5b3][%mdl 32] LiveBook: 3 Games} 10. e4 $1 {[#]} b5 $146 {[%mdl 512]} ({Predecessor:} 10... Nb4 11. Qe2 c5 12. dxc5 Nd3 {½-½ (12) Rukavina,J (2450)-Parma,B (2500) Vrbas 1982}) 11. Qe2 {Black is slightly better.} (11. axb5 Nb4) 11... Na5 12. axb5 axb5 13. Bg5 b4 14. Nb1 Bb5 15. Rd1 Nb3 16. Rxa8 Qxa8 17. Nbd2 (17. Qe1 $142) 17... Nxd2 $19 18. Nxd2 {[#] Black must now prevent e5.} Qa4 $1 {Strongly threatening ...c3.} 19. Qe1 c3 0-1